000 00464nam a2200181Ia 4500
005 20250423101058.0
008 250422s9999 xx 000 0 und d
020 _a0072917091
050 _aRC 454 .T286/
100 _aHalgin, Richard P.
245 0 _aTaking sides: clashing views on controversial issues in abnormal psychology
250 _a3rd ed.
260 _bMcGraw- Hill
260 _c2005
300 _a408 p
650 _aPsychology
942 _cBK
999 _c35221
_d35221